Normal view
MARC view
- Brescia, Frank
Entry Personal Name
001 - CONTROL NUMBER
- control field: 113551
003 - CONTROL NUMBER IDENTIFIER
- control field: NUST
005 - DATE AND TIME OF LATEST TRANSACTION
- control field: 20230712095018.0
008 - FIXED-LENGTH DATA ELEMENTS
- fixed length control field: 230712|| aca||aabn | a|a d
040 ## - CATALOGING SOURCE
- Original cataloging agency: NUST
- Transcribing agency: NUST
100 ## - HEADING--PERSONAL NAME
- Personal name: Brescia, Frank
670 ## - SOURCE DATA FOUND
- Source citation: Work cat.: (NUST)183369: Brescia, Frank,, Fundamentals of chemistry /, [1975]
